[Event "Werner-Ott-Open Kreuzberger Sommer 2014"]
[Site "Berlin"]
[Date "2014.07.12"]
[Round "8.26"]
[White "Kujawa, Werner"]
[Black "Richter, Götz"]
[Result "0-1"]
[WhiteElo "1820"]
[BlackElo "2032"]
[PlyCount "78"]
[EventDate "2014.??.??"]
[WhiteTeam "SV Motor Wildau e.V."]
[BlackTeam "Klub Kölner Schachfreunde e.V. 1"]

1. e4 c5 2. Nc3 e6 3. Nge2 d5 4. exd5 exd5 5. d4 Nf6 6. Bg5 Be6 7. Qd2 Nc6 8.
O-O-O h6 9. Bxf6 Qxf6 10. f3 O-O-O 11. Kb1 g5 12. Qe3 Bg7 13. Qc1 Qe7 14. dxc5
Qxc5 15. Ka1 Kb8 16. h4 d4 17. Nb1 Qc4 18. Nec3 dxc3 19. Rxd8+ Rxd8 20. Bxc4
cxb2+ 21. Qxb2 Bxb2+ 22. Kxb2 Bxc4 23. hxg5 hxg5 24. Rh5 f6 25. f4 g4 26. Rf5
Rd6 27. Nc3 Nd4 28. Rc5 Rb6+ 29. Kc1 Bf1 30. Rd5 Ne2+ 31. Kd2 Nxc3 32. Kxc3
Bxg2 33. Rd8+ Kc7 34. Rg8 f5 35. Rg5 Be4 36. Rg7+ Kd8 37. Rg8+ Ke7 38. Rg7+ Kf8
39. Rg5 Kf7 0-1